British Empire Countries - Statistics

General Stats
  • This quiz has been taken 16 times
  • The average score is 14 of 31
Answer Stats
Answer % Correct
Canada
80%
South Africa
80%
Australia
73%
India
73%
Ireland
73%
New Zealand
73%
Bangladesh
53%
Kiribati
53%
Nigeria
53%
Pakistan
53%
South Sudan
53%
Tanzania
53%
Kenya
47%
Sudan
47%
Fiji
40%
Micronesia
40%
Tuvalu
40%
Egypt
33%
Malaysia
33%
Marshall Islands
33%
Nauru
33%
Palau
33%
Papua New Guinea
33%
Samoa
33%
Solomon Islands
33%
Tonga
33%
Vanuatu
33%
Ethiopia
27%
Myanmar
20%
Singapore
20%
United Kingdom
20%
No matching quizzes found
Score Distribution
Percent of People with Each Score
Percentile by Number Answered
Your Score History
You have not taken this quiz